| 000 | 00716nam a22002537a 4500 | ||
|---|---|---|---|
| 001 | 200463098 | ||
| 003 | TR-AnTOB | ||
| 005 | 20241113101747.0 | ||
| 008 | 241113b tu ||||| |||| 00| 0 tur d | ||
| 020 | _a9789925310425 | ||
| 040 |
_aTR-AnTOB _beng _erda _cTR-AnTOB |
||
| 041 |
_aeng _beng |
||
| 092 |
_a823.2 _bTHE 2023 |
||
| 245 |
_aThe Emperor's New Clothes / _cHamilton House. |
||
| 264 |
_aEngland : _bHamilton House ; _c2023 |
||
| 300 |
_a36 Pages : _bill.; _c21 cm. |
||
| 336 |
_atext _btxt _2rdacontent |
||
| 337 |
_aunmediated _bn _2rdamedia |
||
| 338 |
_avolume _bnc _2rdacarrier |
||
| 653 | _aİngilizce okuma kitapları | ||
| 942 |
_2ddc _cBK |
||
| 999 |
_c200463098 _d81310 |
||